[Event "Southwest op U1600 65th"]
[Site "Houston"]
[Date "1999.09.04"]
[Round "1"]
[White "Mayfield, Karen M"]
[Black "Moncada, Adam B"]
[Result "0-1"]
[WhiteElo "1064"]
[BlackElo "1427"]
[PlyCount "102"]
[EventDate "1999.09.04"]
[EventType "swiss"]
[EventRounds "6"]
[EventCountry "USA"]
[SourceTitle "EXT 2001"]
[Source "ChessBase"]
[SourceDate "2000.11.22"]
[SourceVersion "1"]
[SourceVersionDate "2000.11.22"]
[SourceQuality "1"]

1. e4 c5 2. Nf3 d6 3. Bc4 Nf6 4. d3 e6 5. Nc3 Be7 6. 0-0 0-0 7. Bd2 a6 8. a4 Bd7 9. h3 Nc6 10. Be3 Rb8 11. Qd2 Na5 12. b3 Nxc4 13. bxc4 Bc6 14. Rab1 Qd7 15. Ra1 Ne8 16. Bf4 Nc7 17. Qe2 b5 18. axb5 axb5 19. cxb5 Nxb5 20. Nxb5 Rxb5 21. c4 Rb3 22. Qa2 Rxd3 23. Qc2 Bxe4 24. Rfd1 Rxd1+ 25. Qxd1 Qc6 26. Ne1 Bf6 27. Qxd6 Bxa1 28. Qxc6 Bxc6 29. Bd6 Rc8 30. Nd3 Bd4 31. Nxc5 Bxc5 32. Bxc5 Bxg2 33. Kxg2 Rxc5 34. Kg3 Rxc4 35. f4 f5 36. Kf3 Rc3+ 37. Kg2 h6 38. h4 Kf7 39. h5 Kf6 40. Kf2 Rh3 41. Kg2 Rxh5 42. Kg3 g5 43. fxg5+ hxg5 44. Kf3 e5 45. Kf2 e4 46. Ke3 Ke5 47. Kf2 f4 48. Kg2 e3 49. Kf3 Rh3+ 50. Kg2 f3+ 51. Kf1 Rh1# 0-1